000 01138nam a22002777a 4500
005 20170124103127.0
010 _aB-014081
020 _c60.00
035 _aB-014081
037 _bCen Lib/Ret
040 _aDPL
_bHN
082 _a220.24
_bप्रश्नऐ
245 _aप्रश्न-ऐतरेय उपनिषद /
_cअनुवादक गुरुदत्त
246 _aPrashan-aitrey upnishad /
_bsampadak Gurudatta
250 _a2nd ed
260 _aनयी दिल्ली
_bहिन्दी साहित्य सदन
_c2000
270 _a30/60, कनाट सर्कस
_bनयी दिल्ली
_e110001
300 _a110पृ.
_c21सेमी (सजिल्द)
500 _aअनुक्रमणिका शामिल
650 _aहिन्दू धर्म--उपनिषद
_944517
650 _aऐतरेय उपनिषद
_983369
650 _aHinduism - Upanishads
_983370
650 _aAitareya Upanishad
_983371
700 _aगुरुदत्त
_983372
942 _2ddc
_cHN
_h220.24
_mप्रश्नऐ
999 _c119103
_d119103